Formalismo y vanguardia (Record no. 5893)
[ view plain ]
| 000 -CABECERA | |
|---|---|
| campo de control de longitud fija | 00708cam a22002172a 4500 |
| 001 - NÚMERO DE CONTROL | |
| campo de control | 000048 |
| 003 - IDENTIFICADOR DEL NÚMERO DE CONTROL | |
| campo de control | AR-FADEU |
| 008 - DATOS DE LONGITUD FIJA--INFORMACIÓN GENERAL | |
| campo de control de longitud fija | 311216n########xxu####################dd |
| 092 ## - ASIGNACIÓN LOCAL DE SIGNATURA TOPOGRÁFICA DEWEY (OCLC) | |
| Número de clasificación | 197.2 |
| Número de documento/Ítem | E34 |
| 100 ## - ENTRADA PRINCIPAL--NOMBRE DE PERSONA | |
| Nombre de persona | Eikhenbaum, B. |
| 245 ## - MENCIÓN DE TÍTULO | |
| Título | Formalismo y vanguardia |
| 260 ## - PUBLICACIÓN, DISTRIBUCIÓN, ETC. (PIE DE IMPRENTA) | |
| Lugar de publicación, distribución, etc. | Madrid |
| 260 ## - PUBLICACIÓN, DISTRIBUCIÓN, ETC. (PIE DE IMPRENTA) | |
| Nombre del editor, distribuidor, etc. | Alberto |
| 260 ## - PUBLICACIÓN, DISTRIBUCIÓN, ETC. (PIE DE IMPRENTA) | |
| Nombre del editor, distribuidor, etc. | Corazon |
| 300 ## - DESCRIPCIÓN FÍSICA | |
| Extensión | 160 p |
| 440 ## - MENCIÓN DE SERIE/PUNTO DE ACCESO ADICIONAL--TÍTULO | |
| Título | Comunicación, serie B |
| 500 ## - NOTA GENERAL | |
| Nota general | Contiene: B. Eikhenbaum. La teoría del "método formal" -- V. Chklovski. El arte como procedimiento -- J. Tinianov. De la evolución literaria -- J. Tinianov. Sobre la composición del Evgeni Onegin |
| 650 ## - PUNTO DE ACCESO ADICIONAL DE MATERIA--TÉRMINO DE MATERIA | |
| Término de materia o nombre geográfico como elemento inicial | FILOSOFIA-RUSIA; FORMALISMO |
| 700 ## - PUNTO DE ACCESO ADICIONAL--NOMBRE DE PERSONA | |
| Nombre de persona | Agustin, Garcia Tirado, trad |
| 942 ## - ELEMENTOS DE PUNTO DE ACCESO ADICIONAL (KOHA) | |
| Tipo de ítem Koha | BDGR |
| Estado de retiro | Estado de pérdida | Estado dañado | No para préstamo | Localización permanente | Ubicación/localización actual | Fecha de adquisición | Número de inventario | Total de préstamos | Signatura topográfica completa | Código de barras | Fecha visto por última vez | Precio válido a partir de | Tipo de ítem Koha |
|---|---|---|---|---|---|---|---|---|---|---|---|---|---|
| Biblioteca Ernesto Sabato - FADECS - UNCOMA | Biblioteca Ernesto Sabato - FADECS - UNCOMA | 20/02/2017 | 9530 | 197.2 E34 | 9530 | 20/02/2017 | 20/02/2017 | BDGR |